[Event "IECC SKO2.4.3"]
[Site "IECC email"]
[Date "2007.02.12"]
[Round "?"]
[White "Heyvaert, Philippe"]
[Black "Irwin, Doug"]
[Result "0-1"]
[WhiteElo "1726"]
[BlackElo "1517"]
[PlyCount "69"]
[EventDate "2007.??.??"]
[EventType "tourn (corr)"]
[EventRounds "10"]
[SourceTitle "Corr 2011"]
[Source "ChessBase"]
[SourceDate "2010.08.31"]
[SourceVersion "1"]
[SourceVersionDate "2010.08.31"]
[SourceQuality "1"]
[WhiteTeam "Belgium"]
[BlackTeam "Australia"]
[WhiteTeamCountry "BEL"]
[BlackTeamCountry "AUS"]

1. d4 d5 2. c4 dxc4 3. Nf3 a6 4. e4 b5 5. Be2 Nf6 6. 0-0 Nxe4 7. Ne5 Bb7 8. Bf3 f6 9. Qe2 fxe5 10. Bxe4 Bxe4 11. Qxe4 c6 12. Qxe5 Qd6 13. Qe2 Nd7 14. a4 Nf6 15. Nc3 b4 16. Na2 a5 17. Qxc4 Qd5 18. Qe2 Qxd4 19. Re1 Qd5 20. Bf4 e6 21. Qxe6+ Qxe6 22. Rxe6+ Kd7 23. Rae1 Nd5 24. Bg3 Nc7 25. Bxc7 Kxc7 26. Nc1 Bd6 27. Nb3 Rhf8 28. Nd4 Rf4 29. Rd1 Rf6 30. Rxf6 gxf6 31. Ne6+ Kd7 32. Ng7 Rd8 33. Kf1 c5 34. b3 Kc6 35. Nf5 0-1

[Event "IECC SKO2.2.5"]
[Site "IECC email"]
[Date "2006.01.03"]
[Round "?"]
[White "Williams, Derek"]
[Black "Irwin, Doug"]
[Result "0-1"]
[WhiteElo "1575"]
[BlackElo "1418"]
[PlyCount "78"]
[EventDate "2006.??.??"]
[EventType "tourn (corr)"]
[EventRounds "10"]
[SourceTitle "Corr 2020"]
[Source "ChessBase"]
[SourceDate "2019.09.30"]
[SourceVersion "1"]
[SourceVersionDate "2019.09.30"]
[SourceQuality "1"]
[WhiteTeam "United States"]
[BlackTeam "Australia"]
[WhiteTeamCountry "USA"]
[BlackTeamCountry "AUS"]

1. e4 d5 2. exd5 Nf6 3. Bb5+ Bd7 4. Bxd7+ Qxd7 5. Ne2 c6 6. dxc6 Nxc6 7. 0-0 e5 8. d3 Bc5 9. Be3 Bxe3 10. fxe3 Ng4 11. Qd2 0-0-0 12. b4 Qc7 13. b5 Na5 14. Na3 b6 15. Rf3 Qe7 16. Qc3+ Kb8 17. Raf1 Rhf8 18. Rg3 f5 19. Nb1 g6 20. a4 e4 21. d4 Rc8 22. Qa3 Qxa3 23. Nxa3 Nf6 24. Rc1 Nc4 25. Nxc4 Rxc4 26. Rh3 Rxa4 27. c3 a6 28. bxa6 Rxa6 29. Rd1 Ra2 30. Kf1 Rc8 31. Ke1 Nd5 32. Rd2 Ra3 33. Rxh7 Nxc3 34. Nf4 g5 35. Ne6 f4 36. exf4 gxf4 37. Nxf4 e3 38. Rd3 Ra1+ 39. Rd1 Rxd1# 0-1

[Event "IECC TH-M-2544"]
[Site "IECC email"]
[Date "2005.06.04"]
[Round "?"]
[White "Irwin, Doug"]
[Black "Newman, Ben"]
[Result "1-0"]
[WhiteElo "1377"]
[BlackElo "1098"]
[PlyCount "57"]
[EventDate "2005.??.??"]
[EventType "match (corr)"]
[EventRounds "2"]
[SourceTitle "Corr 2008"]
[Source "ChessBase"]
[SourceDate "2008.06.24"]
[SourceVersion "1"]
[SourceVersionDate "2008.06.24"]
[SourceQuality "1"]

1. e4 e5 2. Nf3 Nc6 3. Bb5 a6 4. Ba4 Nf6 5. 0-0 Be7 6. Re1 b5 7. Bb3 d6 8. c3 0-0 9. d4 Bg4 10. Be3 Nxe4 11. Bd5 Qd7 12. Bxe4 d5 13. Bc2 e4 14. h3 Bxf3 15. gxf3 Qxh3 16. fxe4 Bd6 17. e5 Bxe5 18. dxe5 Nxe5 19. Nd2 Ng4 20. Nf3 Rfe8 21. Qxd5 Rad8 22. Bc5 Nh6 23. Bxh7+ Kh8 24. Rxe8+ Rxe8 25. Bd3 Qg4+ 26. Kh2 Qf4+ 27. Kg2 Kg8 28. Rg1 Qf6 29. Re1 1-0

[Event "IECC O-1904"]
[Site "IECC email"]
[Date "2004.02.26"]
[Round "?"]
[White "Irwin, Doug"]
[Black "Posigian, Steven"]
[Result "1-0"]
[WhiteElo "1340"]
[BlackElo "1322"]
[PlyCount "141"]
[EventDate "2004.??.??"]
[EventType "swiss (corr)"]
[EventRounds "2"]
[SourceTitle "Corr 2020"]
[Source "ChessBase"]
[SourceDate "2019.09.30"]
[SourceVersion "1"]
[SourceVersionDate "2019.09.30"]
[SourceQuality "1"]
[WhiteTeam "Australia"]
[BlackTeam "United States"]
[WhiteTeamCountry "AUS"]
[BlackTeamCountry "USA"]

1. d4 d5 2. c4 c6 3. Nf3 Nf6 4. Nc3 dxc4 5. a4 Bg4 6. Ne5 Bh5 7. f3 Nfd7 8. Nxc4 e5 9. Ne4 Bb4+ 10. Bd2 Qh4+ 11. g3 Qe7 12. Nxe5 Nxe5 13. dxe5 Nd7 14. f4 0-0-0 15. Bg2 f6 16. Nd6+ Bxd6 17. exd6 Qe6 18. 0-0 Rhe8 19. Qc2 Qxd6 20. e4 Qc5+ 21. Qxc5 Nxc5 22. Be3 Nxe4 23. Bxa7 Rd2 24. Rfe1 Be2 25. b4 f5 26. Be3 Rb2 27. Bd4 Rxb4 28. Bxg7 Bh5 29. a5 c5 30. a6 bxa6 31. Rxa6 Kb7 32. Rd6 Re7 33. Be5 Rc4 34. Rb1+ Kc8 35. Rc6+ Kd8 36. Bxe4 Rxe4 37. Rxc5 Ke8 38. Rb8+ Kf7 39. Rh8 Re1+ 40. Kf2 Re2+ 41. Kf1 Ke6 42. Rc6+ Kd5 43. Rh6 Bg4 44. h3 Bf3 45. Rd8+ Kc4 46. Rb6 Kc5 47. Rb3 R2xe5 48. fxe5 Bd5 49. Rb2 Bc4+ 50. Kf2 Rxe5 51. Rc8+ Kd4 52. Rd2+ Kc3 53. Rd7 h6 54. Kf3 Kb4 55. Kf4 Re2 56. Rd4 Kb3 57. Rdxc4 Rf2+ 58. Ke5 h5 59. R4c7 Re2+ 60. Kxf5 Ka2 61. Rb7 Rf2+ 62. Kg5 Rb2 63. Rxb2+ Kxb2 64. Kf4 h4 65. gxh4 Ka3 66. Rb8 Ka4 67. Ke4 Ka5 68. Kd5 Ka6 69. Kc6 Ka7 70. Rb1 Ka6 71. Ra1# 1-0